Normal view
MARC view
- كتب العلل- الحديث- مصطلح
Entry Topical Term
001 - CONTROL NUMBER
- control field: 16792
003 - CONTROL NUMBER IDENTIFIER
- control field: JO-AjAnu
005 - DATE AND TIME OF LATEST TRANSACTION
- control field: 20230606072958.0
008 - FIXED-LENGTH DATA ELEMENTS
- fixed length control field: 230606|| aca||aabn | a|a d
040 ## - CATALOGING SOURCE
- Original cataloging agency: JO-AjAnu
- Transcribing agency: JO-AjAnu
150 ## - HEADING--TOPICAL TERM
- Topical term or geographic name entry element: كتب العلل- الحديث- مصطلح
670 ## - SOURCE DATA FOUND
- Source citation: Work cat.: (JO-AjAnu)8623: المديني، علي بن عبد الله بن جعفر السعدي ، تحقيق:محمد مصطفى الاعظمي, author 16791, العلل